|
|
|
|
| LEADER |
00802naa a2200229 i 4500 |
| 001 |
publ28014 |
| 005 |
20230801100532.0 |
| 008 |
230801s2020 hu o 0|| Magyar d |
| 020 |
|
|
|a 9789633384657
|
| 024 |
7 |
|
|a 31788935
|2 mtmt
|
| 040 |
|
|
|a SZTE Publicatio Repozitórium
|b hun
|
| 041 |
|
|
|a Magyar
|
| 100 |
1 |
|
|a Bene Márton
|
| 245 |
1 |
0 |
|a Válságcsörték
|h [elektronikus dokumentum] :
|b A koronavírus-válság kormányzati, ellenzéki és médiakommunikációja /
|c Bene Márton
|
| 260 |
|
|
|a Napvilág Kiadó Kft.
|b Budapest
|c 2020
|
| 300 |
|
|
|a 16
|
| 300 |
|
|
|a 151-166
|
| 490 |
0 |
|
|a Vírusba oltott politika
|
| 650 |
|
4 |
|a Média és kommunikáció
|
| 700 |
0 |
1 |
|a Farkas Xénia
|e aut
|
| 700 |
0 |
1 |
|a Merkovity Norbert
|e aut
|
| 856 |
4 |
0 |
|u http://publicatio.bibl.u-szeged.hu/28014/3/31788935.pdf
|z Dokumentum-elérés
|